| 000 | 01371cad a22002175a 4500 | ||
|---|---|---|---|
| 001 | L149219 | ||
| 008 | 100205s2010 xxk f 000 0 eng d | ||
| 035 | _a(Sirsi) u149219 | ||
| 041 | 0 | _aeng | |
| 110 | 2 |
_aCommission for Rural Communities _94993 |
|
| 245 | 0 | 0 |
_aState of the countryside update _bhousing demand and supply _h[electronic document] |
| 260 |
_aCheltenham _bCommission for Rural Communities _c2010 |
||
| 490 | 0 | _aCRC Web 42 | |
| 520 | _aHighlights current pressures in the rural housing market. Collates data for future trends in housing demand and current trends in housing supply. Evidence for demand is based on household projection figures and unmet housing needs including homeless households, those in temporary accommodation and on local authority waiting lists. Evidence for supply is taken from Land Registry data on residential property transactions involving newly built properties, additional affordable housing and other social sector housing. | ||
| 590 | _aKA NTK | ||
| 651 | 4 |
_aEngland _y886- |
|
| 690 | _aPROPERTY-RESIDENTIAL PROPERTY-DOMESTIC RESIDENTIAL PROPERTY-HOUSING | ||
| 690 | _aPROPERTY-RURAL AND NATURAL ASSETS | ||
| 856 | 4 | 8 |
_uhttps://www.ruralcommunities.gov.uk/publications/crcweb42stateofthecountrysideupdatehousingdemandandsupply _zView this online document free of charge at www.ruralcommunities.gov.uk... |
| 942 | _n0 | ||
| 999 |
_c110423 _d110423 |
||